00987cam a22003614i 4500003000900000005001700009008004100026020001500067035002700082040003300109082001700142100002800159245004000187264006500227300003800292336002100330337002500351338002300376505007200399526000900471526000900480526000900489526000900498526000900507526000900516526000800525526000800533526000800541526000800549526000800557526000800565651005200573PE-LiUPU20250731184610.0150616s1984 is r 000 0 eng d a9652234001 a(Sirsi) i9789652234001 aPE-LiUPUbspacPE-LiUPUerda04a953bE682211 aEph'al, Israel,eautor.14aThe Ancient Arabs /cIsrael Eph'al. 1aJerusalem :bThe Magnes Press, The Hebrew University,c1984. a265 páginas ;c23 centímetros atext2rdacontent aunmediated2rdamedia avolume2rdacarrier0 aThe akkadian and biblical sources -- Historycal survey -- Appendix. aP136 aP135 aP134 aP133 aP144 aP143 aP87 aP35 aP20 aP14 aP10 aP06 4aArabiaxHistoriayEpoca Antigua, SIGLO 9-5 a.C.